Bài tập vẽ thiết kế kỹ thuật với AutoCAD

Sách gồm 14 bài tập, bao gồm các nội dung cơ bản nhất khi tạo bản vẽ 2 chiều: giới hạn bản vẽ, bản vẽ mẫu, vẽ hình học, vẽ các hình chiếu ...

Wedi'i Gadw mewn:
Manylion Llyfryddiaeth
Prif Awdur: Nguyễn, Hữu Lộc
Fformat: Llyfr
Iaith:Undetermined
Cyhoeddwyd: Thành phố Hồ Chí Minh Tổng hợp Thành phố Hồ Chí Minh 2007
Pynciau:
Tagiau: Ychwanegu Tag
Dim Tagiau, Byddwch y cyntaf i dagio'r cofnod hwn!
Thư viện lưu trữ: Trung tâm Học liệu Trường Đại học Cần Thơ
LEADER 00945nam a2200205Ia 4500
001 CTU_121907
008 210402s9999 xx 000 0 und d
082 |a 620.00420285 
082 |b L451 
100 |a Nguyễn, Hữu Lộc 
245 0 |a Bài tập vẽ thiết kế kỹ thuật với AutoCAD 
245 0 |c Nguyễn Hữu Lộc 
260 |a Thành phố Hồ Chí Minh 
260 |b Tổng hợp Thành phố Hồ Chí Minh 
260 |c 2007 
520 |a Sách gồm 14 bài tập, bao gồm các nội dung cơ bản nhất khi tạo bản vẽ 2 chiều: giới hạn bản vẽ, bản vẽ mẫu, vẽ hình học, vẽ các hình chiếu ... 
650 |a AutoCAD ( Computer programs ),Engineering design,Technical drawing,Computer graphics 
650 |x Data processing,Data processing 
904 |i Minh 
980 |a Trung tâm Học liệu Trường Đại học Cần Thơ